| 000 | 02345cam a22004694i 4500 | ||
|---|---|---|---|
| 003 | PE-LiUPU | ||
| 005 | 20250731173302.0 | ||
| 008 | 150625s r 000 0 d | ||
| 020 | _a0825411092 | ||
| 035 | _a(Sirsi) i9780825411090 | ||
| 040 |
_aPE-LiUPU _bspa _cPE-LiUPU _erda |
||
| 049 | _aPRUA | ||
| 082 | 0 | 4 |
_a297.1 _bC23 _221 |
| 100 | 1 |
_aMehmet Caner, Ergun, _eautor. |
|
| 245 | 1 | 0 |
_aDesenmascaremos el islam : _bun estudio profundo de las costumbres y creencias musulmanas / _cErgun Mehmet Caner y Emir Fethi Caner. |
| 264 | 1 |
_aMichigan : _bPortavoz, _c2002. |
|
| 300 |
_a262 páginas : _bilustraciones ; _c22 centímetros |
||
| 336 |
_atext _2rdacontent |
||
| 337 |
_aunmediated _2rdamedia |
||
| 338 |
_avolume _2rdacarrier |
||
| 504 | _aIncluye referencias bibliográficas al final de cada capítulo. | ||
| 505 | 0 | _aLa Seguridad, la política y la yihad (guerra santa) -- Mahoma: el mensajero militante -- La historia del islam: un rastro de sangre -- El Corán: "Madre de libros" -- La Sunna y el Jadit: los otros libros -- Alá: nombres de terror, nombres de gloria -- Los fundamentos: los cinco pilares -- La mujer: amor, matrimonio y propiedad -- La salvación: justicia matemática -- Los días festivos: un calendario de la comunidad -- Sectas y divisiones islámicas -- La ilusión de la libertad religiosa: el terrorismo desde adentro -- La naturaleza de la yihad -- Choque de culturas: el cristianismo a los ojos del musulmán común -- Jesús según el Corán -- Dentro del musulmán: cómo lograr una audiencia y ganar un alma. | |
| 526 | _aSEG42 | ||
| 526 | _aSEG41 | ||
| 526 | _aSEG40 | ||
| 526 | _aSEG39 | ||
| 526 | _aP94 | ||
| 526 | _aP87 | ||
| 526 | _aP86 | ||
| 526 | _aP85 | ||
| 526 | _aP77 | ||
| 526 | _aP76 | ||
| 526 | _aP35 | ||
| 541 | _g001-0014464; | ||
| 650 | 0 | 4 |
_aIslamismo _xCreencias. |
| 700 | 1 |
_aFethi Caner, Emir, _eautor. |
|
| 942 |
_2ddc _cBOOK |
||
| 949 |
_a297.1 C23 _wDEWEY _c1 _i55509 _lCCODEBUL1 _mBUL _p8.00 _r0 _sY _tBOOK _u2015-6-25 _xTEOLOGIA _zUNKNOWN _0COMPRA _o.STAFF. Colección Teología |
||
| 994 |
_aC0 _bPEPRU |
||
| 596 | _a1 | ||
| 999 |
_a297.1 C23 _wDEWEY _c44393 _i55509 _d44393 _e2019-8-25 _f2021-11-12 _g5 _lCCODEBUL1 _mBUL _n7 _p8.00 _q1 _r0 _sY _tBOOK _u2015-6-25 _xTEOLOGIA _PP35 _0COMPRA _o.STAFF. Colección Teología |
||
| 980 |
_81 _gALBERTO SANCHEZ Responsable de Automatización |
||